000 00859nam a2200265 a 4500
001 4874
003 BD-RjUL
005 20211208233953.0
008 131223s1995 ii b 001 0 eng
020 _a8171007147
035 _a(BD-RjUL)4909
040 _aDLC
_cDLC
_beng
_dBD-RjUL
041 _aeng
082 _a345.54077
_bCHP
100 1 _aChakrabarti, Nirmal Kanti.
_915369
245 1 0 _aProbation system :
_cNirmal Kanti Chakrabarti ; foreword by Mukul Gopal Mukherji.
_bin the administration of criminal justice /
260 _aNew Delhi :
_bDeep & Deep Publications,
_cc1995.
300 _axviii, 297 p. ;
_c23 cm.
504 _aIncludes bibliographical references (p. [287]-292) and index.
520 _aWith reference to India.
650 0 _aProbation
_zIndia.
_915370
942 _2ddc
_cBK
999 _c4874
_d4874